Guess the Country by first letter and Continent (#4) - Statistics

General Stats
  • This quiz has been taken 80 times
  • The average score is 7 of 8
Answer Stats
Letter Continent Answer % Correct
A Africa Angola | Algeria
99%
V Asia Vietnam
96%
P Asia Pakistan | Philippines
95%
G South America Guyana
90%
K Europe Kosovo
90%
P North America Panama
88%
E North America El Salvador
84%
K Oceania Kiribati
78%
No matching quizzes found
Score Distribution
Percent of People with Each Score
Percentile by Number Answered
Your Score History
You have not taken this quiz